| 000 | 00658nam a2200241Ia 4500 | ||
|---|---|---|---|
| 003 | OSt | ||
| 005 | 20220928115508.0 | ||
| 006 | a|||||r|||| 00| 0 | ||
| 007 | ta | ||
| 008 | 220927b |||||||| |||| 00| 0 eng d | ||
| 024 | _a124142 | ||
| 037 | _cTextual | ||
| 040 |
_aSDCL _cSDCL _beng |
||
| 041 |
_2eng _aeng |
||
| 082 | _aS : 556, P5 | ||
| 100 |
_aMorland Lain Ed. _9444580 |
||
| 245 | 0 |
_aQueer theory _b NY. |
|
| 260 |
_aPalgrave _bmacmillan _c2005 |
||
| 300 |
_axi,225p _ccm. |
||
| 700 |
_a Willox Annabelle Ed. _9444581 |
||
| 942 |
_hS : 556, P5 _cTEXL _2CC |
||
| 999 |
_c759646 _d759646 |
||